ბათუმის შოთა რუსთაველის სახელმწიფო უნივერსიტეტის ბიბლიოთეკა

Основы межкультурной коммуникации=Basics of Intercultural communication (ბიბ.ჩანაწერი № 52859)

000 -LEADER
fixed length control field 00837nam a2200253Ia 4500
001 - CONTROL NUMBER
control field 19889
003 - CONTROL NUMBER IDENTIFIER
control field GE_BSU
008 - FIXED-LENGTH DATA ELEMENTS--GENERAL INFORMATION
fixed length control field 181216s||||||||xx |||||||||||||| ||und||
020 ## - INTERNATIONAL STANDARD BOOK NUMBER
International Standard Book Number 523800359
040 ## - CATALOGING SOURCE
Transcribing agency GE_BSU
080 ## - UNIVERSAL DECIMAL CLASSIFICATION NUMBER
Universal Decimal Classification number 316.77(075.8)
100 ## - MAIN ENTRY--PERSONAL NAME
Personal name Грушевицкая, Т.Г. Попков,В.Д. Садохин,А.Н.
245 ## - TITLE STATEMENT
Title Основы межкультурной коммуникации=Basics of Intercultural communication
245 ## - TITLE STATEMENT
Remainder of title Учебник для вузов
260 ## - PUBLICATION, DISTRIBUTION, ETC.
Place of publication, distribution, etc. Москва
260 ## - PUBLICATION, DISTRIBUTION, ETC.
Name of publisher, distributor, etc. ЮНИТИ
260 ## - PUBLICATION, DISTRIBUTION, ETC.
Date of publication, distribution, etc. 2002
300 ## - PHYSICAL DESCRIPTION
Extent 352 стр.20см.
300 ## - PHYSICAL DESCRIPTION
Accompanying material Библиогр. стр.341
653 ## - INDEX TERM--UNCONTROLLED
Uncontrolled term Основы межкультурной коммуникации=Basics of Intercultural communication
653 ## - INDEX TERM--UNCONTROLLED
Uncontrolled term Социология
942 ## - ADDED ENTRY ELEMENTS (KOHA)
Koha item type წიგნი
ეგზემპლარები
Withdrawn status Lost status Damaged status Not for loan Date acquired Barcode Date last seen Price effective from Koha item type
        2018-12-17 1647 2018-12-17 2018-12-17 წიგნი